2012 [i.e. Dos mil doce] : procesos políticos, continuidades y fracturas /
Análisis de la política en México durante el año 2012. Debido al contexto generado por la contienda electoral y debido a sus resultados, es un año clave para estudiar las continuidades y las fracturas en el sistema político mexicano, las alianzas y los desacuerdos políticos y qué esperaba la poblaci...
Kaydedildi:
| Yazar: | |
|---|---|
| Diğer Yazarlar: | , |
| Materyal Türü: | Kitap |
| Dil: | İspanyolca |
| Baskı/Yayın Bilgisi: |
México :
Universidad Autónoma Metropolitana Xochimilco, División de Ciencias Sociales y Humanidades : Itaca,
2012, c2012
|
| Konular: | |
| Etiketler: |
Etiket eklenmemiş, İlk siz ekleyin!
|
MARC
| LEADER | 00000nam^a2200000^a^4500 | ||
|---|---|---|---|
| 001 | 000341758 | ||
| 005 | 20250521000000.0 | ||
| 009 | 20260310114533.367 | ||
| 020 | |a 978-607-477-894-6 | ||
| 037 | |a Acervo ITESO - Biblioteca | ||
| 041 | |a ESP | ||
| 082 | |a 320. 9720712 |b LOP | ||
| 100 | |a López Levi, Liliana |e (coordinación) | ||
| 245 | 1 | 0 | |a 2012 [i.e. Dos mil doce] : |b procesos políticos, continuidades y fracturas / |c Coord. de L. López Levi, J. Reyes del Campillo, G. Zamora Fernández de Lara. |
| 264 | 4 | |a México : |b Universidad Autónoma Metropolitana Xochimilco, División de Ciencias Sociales y Humanidades : |b Itaca, |c 2012, c2012 | |
| 300 | |a 347 p. | ||
| 336 | |a texto |b txt |2 rdacontenido | ||
| 337 | |a sin mediación |b n |2 rdamedio | ||
| 338 | |a volumen |b nc |2 rdasoporte | ||
| 520 | |a Análisis de la política en México durante el año 2012. Debido al contexto generado por la contienda electoral y debido a sus resultados, es un año clave para estudiar las continuidades y las fracturas en el sistema político mexicano, las alianzas y los desacuerdos políticos y qué esperaba la población votante. En general, se trata de una reflexión sobre los procesos políticos en este proceso de transición entre un gobierno panista y un gobierno nuevamente priísta. | ||
| 649 | |a XX | ||
| 650 | |a Mujeres en los Medios de Comunicación | ||
| 650 | |a Desastres - |z México - |x Prevención | ||
| 650 | |a Campaña Electoral | ||
| 650 | |a Elecciones | ||
| 650 | |a Representación Política | ||
| 650 | |a Democracia | ||
| 650 | |a Legitimidad e Ilegitimidad | ||
| 650 | |a Cambios Políticos | ||
| 650 | |a Movimientos Sociales | ||
| 650 | |a Poder Político | ||
| 650 | |a Política Social | ||
| 650 | |a Políticas Públicas | ||
| 650 | |a Reforma Política | ||
| 650 | |a Proceso Político | ||
| 650 | |a Comunicación y Política | ||
| 650 | |a Política | ||
| 650 | |a México - |x Condiciones Laborales | ||
| 650 | |a México - |x Condiciones Políticas | ||
| 700 | |a Reyes del Campillo, Juan |e (coordinación) | ||
| 700 | |a Zamora Fernández de Lara, Gerardo |e (autor) | ||
| 910 | |a Fondo General | ||
| 920 | |a Impresos - Libros | ||
| 930 | |a Colección General | ||
| 905 | |a 101 | ||
| 901 | |a 0500231601 |b IT1 |c ACC |i C139241 |u 20250521 | ||
| 902 | |a https://opac.biblio.iteso.mx/vufind/Record/000341758 | ||